Statistiques concernant Histoire commençant par la lettre Y

Cliquez ici pour prendre le quiz!

Statistiques générales

  • Ce quiz a été pris 14 720 fois
    (7 452 depuis la dernière actualisation)
  • Le résultat moyen est 12 sur 20

Statistiques - réponses

IndiceRéponse% Correct
Ancien Etat d'Europe du Sud-Est ayant existé sous différentes formes entre 1918 et 2003, il a regroupé jusqu'à sept pays actuelsYougoslavie
95%
Devise officielle du Japon depuis 1871Yen
91%
Ce pays du Moyen-Orient, indépendant depuis 1990, était dans l'Antiquité un territoire du Royaume de SabaYémen
90%
Ce jouet, connu en Grèce il y a plus de deux mille ans, est considéré comme le plus ancien du monde après la toupieYo-yo
79%
Elle a réuni Churchill, F. D. Roosevelt et Staline en février 1945Conférence de {Yalta}
77%
Ce département français s'appelait la Seine-et-Oise jusqu'en 1968Yvelines
76%
Les premières observations d'empreintes par des européens de cette mythique créature du folklore himalayen datent du début du XXème siècleYéti
70%
Type d'habitation notamment emblématique des steppes mongoles utilisé depuis le IIIème siècle avant notre èreYourte
69%
Ce parc créé aux États-Unis en 1872 est le plus ancien parc national du mondeYellowstone
63%
Veuve de John depuis 1980{Yoko} Ono
59%
Cette discipline et école de philosophie indienne, basée sur l'ascèse, la méditation, les exercices corporels, etc. serait vieille de près de 5000 ansYoga
57%
Langue "judéo-allemande" devenue très minoritaire au sortir de la Seconde Guerre mondialeYiddish
50%
Jeu, de dés, inventé dans les années 1950 par un cercle d'amis sur un yacht, son nom est directement issu de "Yacht Game"Yahtzee
49%
Capitale africaine fondée par les colons allemands à la fin du XIXème siècleYaoundé
46%
Fête sainte juive pendant laquelle les Égyptiens et les Syriens attaquèrent par surprise l'État d'Israël en 1973Yom Kippour
41%
Péninsule frappée par un astéroïde il y a 65 millions d'années, probablement à l'origine de l'extinction des dinosauresYucatán
37%
Fleuve chinois sur les rives duquel se formèrent les royaumes de Yue et de Wu au IXème siècle av. J.-C.Yangtsé
30%
Dynastie mongole fondée par Kubilai Khan ayant régné sur la Chine de 1279 à 1368Yuan
29%
Région qui attira environ 100 000 personnes pour la ruée vers l'or du Klondike des années 1890Yukon
24%
Amiral de la marine impériale japonaise qui a organisé et dirigé l'attaque de Pearl HarborIsoroku Yamamoto
19%

Distribution des résultats

Percentile par nombre de réponses

% des personnes avec chaque résultat

Votre développement - résultats

Vous n’avez pas pris ce quiz depuis la dernière actualisation